Statistics for Musicians From What Country

Click here to take the quiz!

General Stats

  • This quiz has been taken 26 times
  • The average score is 6 of 15

Answer Stats

MusicianCountry% Correct
Justin BieberCanada
96%
Édith PiafFrance
79%
BTSSouth Korea
67%
Dave DobbynNew Zealand
58%
Dave MatthewsSouth Africa
46%
Carlos VivesColombia
38%
Anatoliy SolovianenkoUkraine
38%
Salvatore Adamo
Belgium
33%
Tereza KesovijaCroatia
29%
Ana TijouxChile
25%
Sebastian BachBahamas
21%
Mafu ContehGambia
13%
Angélique KidjoBenin
4%
Justin WellingtonPapua New Guinea
4%
Christian BautistaPhilippines
4%

Score Distribution

Percentile by Number Answered

Percent of People with Each Score

Your Score History

You have not taken this quiz